01414nam a2200337Ia 4500001001200000003000800012006001900020007001500039008004100054010001700095020001800112020001800130040002100148035002100169050002300190245017100213250001200384260004000396300002400436490005000460504005100510533015200561650004100713650004400754655002900798700003300827700002200860710001700882830005100899856012600950ebr10282779CaPaEBRm u cr cn|||||||||080902s2009 maua sb 001 0 eng d z 2008038557 z9780262134927 z9780262512299 aCaPaEBRcCaPaEBR a(OCoLC)64680453714aGE180b.T69 2009eb00aToward sustainable communitiesh[electronic resource] :btransition and transformations in environmental policy /cedited by Daniel A. Mazmanian and Michael E. Kraft. a2nd ed. aCambridge, MA :bMIT Press,cc2009. axiv, 365 p. :bill.1 aAmerican and comparative environmental policy aIncludes bibliographical references and index. aElectronic reproduction.bPalo Alto, Calif. :cebrary,d2011.nAvailable via World Wide Web.nAccess may be limited to ebrary affiliated libraries. 0aEnvironmental policyzUnited States. 0aSustainable developmentzUnited States. 7aElectronic books.2local1 aMazmanian, Daniel A.,d1945-1 aKraft, Michael E.2 aebrary, Inc. 0aAmerican and comparative environmental policy.40uhttp://site.ebrary.com/lib/rucke/Doc?id=10282779zAn electronic book accessible through the World Wide Web; click to view